| 000 | 00579cam a22002053a 4500 | ||
|---|---|---|---|
| 001 | 40923 | ||
| 003 | PGUSA | ||
| 005 | 20140828083922.0 | ||
| 008 | 121003s2012||||xxu|||||s|||||000 | eng d | ||
| 040 |
_aPGUSA _beng |
||
| 042 | _adc | ||
| 100 | 1 |
_aMcCarthy, Justin, _d1830-1912 |
|
| 245 | 1 | 0 |
_aBritish Political Leaders _h[electronic resource] / _cJustin McCarthy |
| 260 |
_bProject Gutenberg, _c2012 |
||
| 506 | _aPublic domain in the USA. | ||
| 516 | _aElectronic text | ||
| 830 | 0 |
_aProject Gutenberg _v40923 |
|
| 856 | 4 | 0 | _uhttp://www.gutenberg.org/ebooks/40923 |
| 942 | _cEB | ||
| 999 |
_c270175 _d270175 |
||